[Event "World Youth U16 Ol"]
[Site "Kocaeli TUR"]
[Date "2011.10.26"]
[Round "5.2"]
[White "Fedoseev,Vl3"]
[Black "Gabuzyan,H"]
[Result "0-1"]
[WhiteElo "2523"]
[BlackElo "2404"]

1.d4 d5 2.c4 c6 3.Nf3 Nf6 4.Qb3 e6 5.Bg5 Nbd7 6.Nc3 Be7 7.e3 O-O 8.Rc1 h6
9.Bh4 b6 10.cxd5 exd5 11.Bd3 Bb7 12.O-O Ne4 13.Bxe7 Qxe7 14.Ne2 Rfe8 15.Qa4 a6
16.Ng3 g6 17.Qd1 f5 18.Ne1 Ndf6 19.Bc2 a5 20.Nd3 Ba6 21.Ba4 Bxd3 22.Qxd3 b5
23.Bd1 Qd6 24.a4 b4 25.Nxe4 Nxe4 26.Bf3 Ng5 27.Be2 Re6 28.g3 h5 29.Rc2 Ne4
30.Rfc1 Qd7 31.Bf3 h4 32.gxh4 Kg7 33.Kh1 Rh8 34.Qa6 c5 35.Qxa5 c4 36.Qxb4 Rxh4
37.Rg1 Re8 38.Qb6 Nf6 39.Bd1 f4 40.f3 Re6 41.Qb8 fxe3 42.Qg3 Rh6 43.Re2 Qe7
44.Qg5 Nh5 45.Qg4 Qd6 46.Rc2 Nf4 47.Qg3 Qf8 48.Re1 Qf6 49.b3 Rh3 50.Qg4 Rh4
51.Qg3 Nd3 52.Rf1 Rxd4 53.bxc4 dxc4 54.Be2 Nf4 55.Rb1 Rd2 56.Rxd2 exd2 57.Bxc4 Qb2
58.Rf1 Re1 59.Qf2 Rxf1+ 60.Bxf1 Qa1 61.Qa7+ Kh6 62.Qf2 Qe1  0-1

[Event "Chinese League"]
[Site "Qingdao CHN"]
[Date "2011.10.26"]
[Round "13"]
[White "Nie,X"]
[Black "Danielian,E"]
[Result "0-1"]
[WhiteElo "1970"]
[BlackElo "2475"]

1.d4 d5 2.c4 c6 3.Nf3 dxc4 4.e3 Be6 5.Nc3 b5 6.a4 b4 7.Ne4 Nf6 8.Nc5 Bd5
9.Bd2 a5 10.Rc1 e6 11.Bxc4 Bxc5 12.Bxd5 cxd5 13.Rxc5 Nbd7 14.Rc1 O-O 15.O-O Ne4
16.Ne1 Qb6 17.f3 Nd6 18.Nd3 Qa6 19.Be1 Rfc8 20.Bf2 Rxc1 21.Nxc1 Rc8 22.Qd3 Qc4
23.h3 h6 24.Rd1 Qc2 25.Qxc2 Rxc2 26.b3 g5 27.Kf1 h5 28.Ke1 Rc3 29.Ke2 Kg7
30.Bg3 Nf5 31.Bf2 Nf6 32.Kd2 g4 33.hxg4 hxg4 34.Re1 g3 35.Bg1 Nd6 36.Kd1 Nh5
37.Re2 Nf5 38.Kd2 Nh4 39.Kd1 f6 40.Rb2 Kf7 41.Ne2 Rc8 42.Nc1 Nf5 43.Nd3 Rc3
44.Kd2 Nh4 45.Ne1 Ng7 46.Ke2 Ngf5 47.Kd2 Nd6 48.Ke2 Rc1 49.Kf1 e5 50.dxe5 fxe5
51.Rc2 Rb1 52.Rc5 Ke6 53.Rxa5 Rxb3 54.Ra6 Rb1 55.Rb6 Kd7 56.Ke2 Kc7 57.a5 Nc4
58.Rb5 Kc6 59.Rb8 Nxa5 60.e4 dxe4 61.fxe4 Nxg2 62.Nxg2 Rxg1 63.Kf3 b3 64.Ne3 g2
65.Kf2 Re1 66.Nxg2 Rxe4 67.Ne3 Nb7 68.Rc8+ Kb5 69.Rb8 Kb6 70.Nd5+ Ka7 71.Rh8 Rc4
72.Rh1 Rc2+ 73.Ke3 b2 74.Rb1 Nc5 75.Nb4 Rc3+ 76.Ke2 Rb3 77.Nc6+ Ka6 78.Kd2 e4
79.Kc2 e3 80.Rxb2 e2 81.Ra2+ Kb6 82.Kd2 Ne4+ 83.Ke1 Rb1+ 84.Kxe2 Nc3+ 85.Kd3 Nxa2  0-1

[Event "World Youth U16 Ol"]
[Site "Kocaeli TUR"]
[Date "2011.10.27"]
[Round "6.15"]
[White "Saiyn,Z"]
[Black "Lee Kah Meng Elgin"]
[Result "1-0"]
[WhiteElo "2193"]
[BlackElo "1984"]

1.d4 d5 2.Nf3 Nf6 3.c4 c6 4.Qb3 dxc4 5.Qxc4 e6 6.Bg5 Qa5+ 7.Bd2 Qb6 8.Nc3 Nbd7
9.O-O-O Bd6 10.e4 e5 11.Be3 Ng4 12.Be2 O-O 13.Rhf1 Qc7 14.h3 Nxe3 15.fxe3 Nf6
16.g4 b5 17.Qd3 b4 18.Na4 c5 19.dxe5 Bxe5 20.g5 Bd7 21.b3 Bxa4 22.gxf6 Bc6
23.fxg7 Rfd8 24.Qc2 Bc3 25.Bc4 Rxd1+ 26.Qxd1 Bxg7 27.Qc2 Rf8 28.Rg1 Kh8 29.Qg2 f5
30.Ng5 Bxe4 31.Nxe4 fxe4 32.Qxe4 Qh2 33.Rxg7 Kxg7 34.Qe7+ Kg6 35.Bd3+ Rf5
36.Qe6+ Kg7 37.Bxf5 Qg1+ 38.Kb2 Qf2+ 39.Bc2 Qe1 40.Qe7+ Kg8 41.Qxh7+ Kf8
42.Qh8+ Ke7 43.Qe5+ Kf7 44.Qxc5  1-0

[Event "1st Panama Open"]
[Site "Panama City PAN"]
[Date "2011.11.03"]
[Round "2.4"]
[White "Alvarez Pedraza,A"]
[Black "Arribas Robaina,M"]
[Result "1-0"]
[WhiteElo "2565"]
[BlackElo "2301"]

1.d4 d5 2.c4 c6 3.Nf3 Nf6 4.Qb3 e6 5.Bf4 Nbd7 6.Nc3 Qb6 7.c5 Qxb3 8.axb3 Be7
9.b4 Ne4 10.h3 g5 11.Bh2 h5 12.e3 g4 13.Nxe4 dxe4 14.Nd2 f5 15.Nc4 Kf7 16.Bf4 Rg8
17.hxg4 hxg4 18.Be2 a6 19.f3 exf3 20.gxf3 g3 21.Kd2 g2 22.Rh7+ Ke8 23.Rg1 Nf6
24.Rh2 Nd5 25.Be5 Bd7 26.Rhxg2 Rxg2 27.Rxg2 Kf7 28.Nd6+ Bxd6 29.Rg7+ Kf8
30.cxd6 Rd8 31.f4  1-0

[Event "38th ch-IND w 2011"]
[Site "Chennai IND"]
[Date "2011.11.07"]
[Round "9"]
[White "Cholleti,S"]
[Black "Supriya,J"]
[Result "1-0"]
[WhiteElo "2074"]
[BlackElo "1904"]

1.d4 d5 2.Nf3 Nf6 3.c4 c6 4.Nbd2 e6 5.e3 Nbd7 6.b3 Bd6 7.Bb2 O-O 8.Bd3 Qe7
9.Ne5 a5 10.f4 Ne8 11.h4 f5 12.g4 Ndf6 13.g5 Ne4 14.a3 Bd7 15.Ndf3 b6 16.h5 Nc7
17.Qc2 Rfc8 18.h6 g6 19.c5 Bxe5 20.cxb6 Rab8 21.Nxe5 Rxb6 22.Bxe4 fxe4 23.b4 Rcb8
24.Qc5 Qd8 25.Qxa5 Nb5 26.Qa4 Ra8 27.Qb3 Nd6 28.Ng4 Nc4 29.Nf6+ Kh8 30.Nxe4 Qe7
31.Nc5 Rab8 32.Qc3 Bc8 33.Rc1 Qf7 34.Qb3 Nxb2 35.Qxb2 Qf5 36.O-O Ra8 37.Ra1 Qh3
38.Qf2 Ba6 39.Rfe1 Bc4 40.Qg2 Qf5 41.Qf3 Ra7 42.e4 dxe4 43.Nxe4 Bd5 44.Kf2 Bxe4
45.Qxe4 Rxb4 46.axb4 Qxe4 47.Rxe4 Rxa1 48.Rxe6  1-0

[Event "1st Panama Open"]
[Site "Panama City PAN"]
[Date "2011.11.07"]
[Round "9.2"]
[White "Alvarez Pedraza,A"]
[Black "Ortiz Suarez,I"]
[Result "1-0"]
[WhiteElo "2565"]
[BlackElo "2553"]

1.d4 d5 2.c4 c6 3.Nf3 Nf6 4.Qc2 g6 5.Bf4 Bg7 6.e3 O-O 7.Nc3 Nbd7 8.Rd1 a6
9.a3 b5 10.c5 Nh5 11.Bg5 Qe8 12.Be2 e5 13.dxe5 Nxe5 14.Nd4 f5 15.Bxh5 gxh5
16.Nce2 Bd7 17.O-O a5 18.Bf4 Nc4 19.a4 bxa4 20.Ra1 h4 21.Rxa4 h3 22.gxh3 Qh5
23.Kg2 Kh8 24.b3 Ne5 25.Ng3 Qg6 26.Qe2 Qe8 27.Rfa1 Ng6 28.Qd2 h5 29.f3 Rg8
30.Kf2 Nxf4 31.exf4 Bf6 32.Rxa5 Rxa5 33.Rxa5 Qg6 34.Ra7 h4 35.Nge2 Qg2+ 36.Ke3 Bc8
37.Nxc6 d4+ 38.Nexd4 Qg1+ 39.Kd3 Rg2 40.Qe3 Qf1+ 41.Kc3 Re2 42.Qd3 Qe1+ 43.Kc4 Rd2
44.Qc3 Qf1+ 45.Kb4 Qe1 46.Ra8 Bxd4 47.Rxc8+ Kh7 48.Qc4 Qa1 49.Qg8+ Kh6 50.Qg5+ Kh7
51.Qxh4+ Kg7 52.Rc7+  1-0

[Event "21st World Seniors"]
[Site "Rijeka CRO"]
[Date "2011.11.15"]
[Round "1.2"]
[White "Kurajica,B"]
[Black "Anguera Maestro,J"]
[Result "1/2-1/2"]
[WhiteElo "2532"]
[BlackElo "2133"]

1.d4 d5 2.c4 c6 3.Nf3 Nf6 4.Qb3 e6 5.g3 Nbd7 6.Bg2 Be7 7.O-O O-O 8.Nc3 b6
9.Nd2 Bb7 10.Rd1 Rc8 11.e3 Ba8 12.a3 Re8 13.Qa4 Qc7 14.e4 dxc4 15.Qxc4 b5
16.Qe2 a6 17.Nb3 c5 18.e5 Nd5 19.Nxd5 Bxd5 20.Bxd5 exd5 21.e6 Nf6 22.exf7+ Kxf7
23.dxc5 Bxc5 24.Qf3 Qe5 25.Bf4 Qe2 26.Kg2 Bb6 27.Rd2 Qe4 28.Rad1 Rc6 29.Nd4 Bxd4
30.Rxd4 Qxf3+ 31.Kxf3 Rc2 32.R1d2 Rec8 33.Be5 Ke6 34.Bxf6 Rxd2 35.Rxd2 gxf6
36.Ke3 Rc4 37.Kd3 a5 38.Re2+ Kf7 39.b3 Rc1  1/2-1/2

[Event "5th Mediterranean Open"]
[Site "Rijeka CRO"]
[Date "2011.11.18"]
[Round "8.9"]
[White "Solomunovic,I"]
[Black "Dimitrijeski,B"]
[Result "1-0"]
[WhiteElo "2420"]
[BlackElo "2222"]

1.d4 d5 2.c4 c6 3.Nf3 Nf6 4.Qc2 dxc4 5.Qxc4 Bg4 6.Nc3 Nbd7 7.e4 Bxf3 8.gxf3 e5
9.Be3 exd4 10.Bxd4 Bd6 11.O-O-O Qc7 12.Be3 O-O 13.Kb1 Ne5 14.Qe2 Ng6 15.Qc2 Rfd8
16.h4 Nh5 17.Ne2 Be5 18.Nd4 Ngf4 19.Bc4 a6 20.Nf5 Rxd1+ 21.Rxd1 Rd8 22.Qb3 Rxd1+
23.Qxd1 Ne6 24.Bb3 Nhf4 25.Qd2 Qd8 26.Qxd8+ Nxd8 27.Bc5 Nde6 28.Ne7+ Kh8
29.Be3 g6 30.Nc8 Kg7 31.Nb6 Ng2 32.Bxe6 fxe6 33.Nd7 Bd6 34.Bg5 h6 35.e5 Bxe5
36.Nxe5 hxg5 37.hxg5 Nh4 38.Kc2 Kf8 39.Kd3 Ke7 40.Kd4 Kd6 41.Nc4+ Ke7 42.f4 b5
43.Na5 Kd6 44.Nb7+ Kc7 45.Nc5 Kd6 46.Nxa6 c5+ 47.Ke4 Kc6 48.b4 c4 49.Nc5 Kd6
50.a4 bxa4 51.Nxa4 Ng2 52.Nc3 Kc6 53.Ke5 Kb6 54.Ne2 Kb5 55.Kxe6 Kxb4 56.f5 Nh4
57.fxg6 Nxg6 58.Kf6 Nh4 59.g6 Nxg6 60.Kxg6 Kb3 61.f4 Kc2 62.f5 Kd3 63.Nf4+ Ke4
64.f6 c3 65.Ne2 c2 66.f7  1-0

[Event "WYCC U16 Girls"]
[Site "Caldas Novas BRA"]
[Date "2011.11.19"]
[Round "2"]
[White "Sviridova,Vlada"]
[Black "Kalaydina,R"]
[Result "1-0"]
[WhiteElo "2069"]
[BlackElo "1867"]

1.d4 d5 2.c4 c6 3.Nf3 Nf6 4.Qc2 e6 5.Nbd2 Be7 6.e3 O-O 7.Bd3 Nbd7 8.O-O b6
9.b3 Bb7 10.Bb2 Rc8 11.Rac1 c5 12.Qb1 dxc4 13.Bxc4 cxd4 14.Bxd4 Bc5 15.Bb2 Qe7
16.Nd4 Ne5 17.Be2 Rfd8 18.Rfd1 Ba8 19.N4f3 Nxf3+ 20.Bxf3 Bxf3 21.Nxf3 Ba3
22.Nd4 Bxb2 23.Qxb2 Qb7 24.h3 h6 25.b4 b5 26.Nb3 Rxc1 27.Rxc1 Ne4 28.Nd4 Qd5
29.Rc7 Rd7 30.Rc8+ Kh7 31.Qc2 g6 32.f3 Nd6 33.Rc5 Qb7 34.h4 h5 35.Rxh5+ Kg7
36.Rc5 a6 37.Qc3 Kh7 38.h5 Nf5 39.Nxf5 exf5 40.h6 f6 41.Qxf6 Rf7 42.Qd6 Qd7
43.Rc6 Qxd6 44.Rxd6 Ra7 45.Rb6 a5 46.a3 axb4 47.axb4 Ra2 48.Rxb5 Rb2 49.Kh2 Kxh6
50.Kg3 Re2 51.Re5 Rb2 52.b5 Kg7 53.f4 Kf7 54.Rc5 Rb3 55.Kf3 Kf6 56.Rc6+ Kf7
57.Rb6 Kg7 58.Rb8 Kf7 59.b6 Kg7 60.b7 Kh7 61.g4 Kg7 62.gxf5 gxf5 63.Ke2 Kh7
64.Kd2 Kg7 65.Kc2 Rb6 66.Kd3 Rb1 67.Kd4 Rb4+ 68.Ke5 Rb5+ 69.Ke6  1-0

[Event "Martin Open"]
[Site "Martin SVK"]
[Date "2011.11.19"]
[Round "5"]
[White "Polak,V"]
[Black "Remen,Igor"]
[Result "0-1"]
[WhiteElo "2073"]
[BlackElo "1698"]

1.d4 d5 2.c4 c6 3.Nf3 Nf6 4.Qb3 Qb6 5.Nc3 Qxb3 6.axb3 a6 7.h3 h6 8.Bf4 Bf5
9.e3 e6 10.c5 Nbd7 11.b4 Rc8 12.Nd2 Be7 13.Nb3 Bd8 14.Na5 Bxa5 15.bxa5 O-O
16.f3 Rfe8 17.Bd6 e5 18.Kf2 exd4 19.exd4 Re6 20.Bh2 Rce8 21.Ra4 Nf8 22.Be2 Re3
23.Bf4 R3e7 24.Rb4 Bc8 25.Bd3 Nh5 26.Bd2 f5 27.g4 fxg4 28.hxg4 Nf6 29.Nd1 Rf7
30.Kg3 Rfe7 31.Rb3 Be6 32.Ne3 Rd7 33.Rb4 Bf7 34.Rh2 Bg6 35.Bf5 Bxf5 36.Nxf5 Ne6
37.Re2 Nd8 38.Rxe8+ Nxe8 39.Bf4 Rf7 40.Rb3 Rf6 41.Be5 Re6 42.f4 Kf8 43.Kf3 Kf7
44.Rb4 Kf8 45.Nd6 Nxd6 46.Bxd6+ Ke8 47.f5 Re4 48.Be5 Kf8 49.Bc7 Nf7 50.Bd6+ Kg8
51.Rxb7 Rxd4 52.Ra7 Ng5+ 53.Kg3 Rd3+ 54.Kf2 Rd2+ 55.Ke3 Rxb2 56.Rxa6 Rb3+
57.Ke2 d4 58.Rxc6 Ne4 59.Rc8+ Kf7 60.Rb8 Re3+ 61.Kd1 d3 62.Rb3 Rh3 63.Rxd3 Rxd3+
64.Kc2 Ra3  0-1

[Event "TCh-FIN SM-Liiga 2011-12"]
[Site "Salo FIN"]
[Date "2011.11.19"]
[Round "5.3"]
[White "Norri,J"]
[Black "Rantanen,Y"]
[Result "1-0"]
[WhiteElo "2291"]
[BlackElo "2400"]

1.d4 d5 2.c4 c6 3.Nf3 Nf6 4.g3 e6 5.Bg2 b5 6.c5 a5 7.Bf4 Be7 8.Ne5 O-O 9.Nd2 Nfd7
10.Nd3 g5 11.Be3 Kh8 12.f4 gxf4 13.Bxf4 Bf6 14.Nf3 Bg7 15.O-O f6 16.Qd2 Re8
17.Bh6 Qe7 18.Nh4 Nf8 19.Bxg7+ Qxg7 20.Qf4 Nbd7 21.Qc7 Ra6 22.Rf2 f5 23.Bf3 Nf6
24.Qd6 Ng6 25.Nxg6+ hxg6 26.g4 Kh7 27.g5 Nd7 28.Nf4 Qe7 29.Qxe7+ Rxe7 30.h4 e5
31.dxe5 Nxe5 32.h5 gxh5 33.Rh2 Bd7 34.Rxh5+ Kg8 35.Kf2 Rh7 36.Rxh7 Kxh7 37.Rh1+ Kg7
38.Rh6 Ra8 39.Nh5+ Kf7 40.Rh7+  1-0

[Event "TCh-BEL 2011-12"]
[Site "Belgium BEL"]
[Date "2011.11.20"]
[Round "4.7"]
[White "Maes,V"]
[Black "Kartsev,A2"]
[Result "1/2-1/2"]
[WhiteElo "2179"]
[BlackElo "2174"]

1.d4 d5 2.Nf3 Nf6 3.c4 c6 4.Qb3 e6 5.Bg5 Nbd7 6.Nc3 Be7 7.e3 O-O 8.Bd3 b6
9.cxd5 cxd5 10.O-O Bb7 11.Nd2 h6 12.Bh4 e5 13.Rac1 a6 14.a4 e4  1/2-1/2

[Event "WYCC U18 Open"]
[Site "Caldas Novas BRA"]
[Date "2011.11.20"]
[Round "3"]
[White "Aghasaryan,R"]
[Black "Bezerra,Natacio Goncalves"]
[Result "1-0"]
[WhiteElo "2331"]
[BlackElo "2072"]

1.d4 d5 2.c4 c6 3.Nf3 Nf6 4.Qc2 a6 5.a4 e6 6.g3 Bd6 7.Bg2 Nbd7 8.O-O O-O
9.Nc3 Re8 10.Rd1 h6 11.e4 dxe4 12.Nxe4 Nxe4 13.Qxe4 Nf6 14.Qe2 Qc7 15.a5 Bd7
16.Bd2 Rad8 17.Bc3 Bc8 18.b4 Qe7 19.Rab1 Qc7 20.Re1 Nd7 21.h3 Qb8 22.h4 Qc7
23.h5 Qb8 24.Rbd1 Qc7 25.Ne5 Nf6 26.Bf3 Qe7 27.Nd3 Nh7 28.Bg2 Qg5 29.Ne5 Qe7
30.Rb1 Ng5 31.f4 Nh7 32.Bf3 Nf8 33.Kg2 f6 34.Nd3 f5 35.Ne5 Nd7 36.Ng6 Qf7
37.Ne5 Qe7 38.Kh1 Nf6 39.Rg1 Bb8 40.Rg2 Ba7 41.Rd1 Bb8 42.Rdg1 Ba7 43.g4 fxg4
44.Nxg4 Nxg4 45.Rxg4 Kf8 46.Rxg7 Qh4+ 47.Qh2 Qxh2+ 48.Kxh2 Bxd4 49.Bxd4 Rxd4
50.Rg8+ Ke7 51.R1g7+ Kd8 52.Rxe8+ Kxe8 53.Rg8+ Kd7 54.Kg3 Rxc4 55.Rh8 Rxb4
56.Rxh6 Ke7 57.Rh8 e5 58.Rxc8 exf4+ 59.Kg4 Kf7 60.Rc7+ Kg8 61.h6 Kh8 62.Kg5 Rc4
63.Kg6  1-0

[Event "Egyptian Open 2011"]
[Site "Cairo EGY"]
[Date "2011.11.22"]
[Round "4"]
[White "Ezat,Ab"]
[Black "Abdel Ghany,S"]
[Result "1/2-1/2"]
[WhiteElo "2269"]
[BlackElo "2091"]

1.d4 d5 2.c4 c6 3.Nf3 Nf6 4.Qc2 g6 5.Nbd2 Bf5 6.Qb3 Qc7 7.g3 Bg7 8.Bg2 O-O
9.O-O Nbd7 10.h3 Nb6 11.c5 Nbd7 12.g4 Be4 13.Qe3 e5 14.dxe5 Nxe5 15.Nxe5 Qxe5
16.f3 d4 17.Qf2 Bd5 18.f4 Qe7 19.g5 Ne4 20.Nxe4 Bxe4 21.Bxe4 Qxe4 22.f5 gxf5
23.Bf4 Rfe8 24.Rae1 Be5 25.Bd2 Qc2 26.Bc1 Qxc5 27.Qxf5 Qd5 28.Rf2 Rad8 29.Ref1 Rd7
30.b3 Qe6 31.Qd3 Bg7  1/2-1/2

[Event "21st World Seniors"]
[Site "Rijeka CRO"]
[Date "2011.11.22"]
[Round "7.16"]
[White "Giulian,P"]
[Black "Fradkin,B"]
[Result "1/2-1/2"]
[WhiteElo "2294"]
[BlackElo "2445"]

1.d4 d5 2.c4 c6 3.Nf3 Nf6 4.Qb3 g6 5.e3 a6 6.Nc3 Bg7 7.Bd2 O-O 8.a4 Ra7 9.a5 Be6
10.Be2 Nbd7 11.O-O Qb8 12.Rfd1 Qd6 13.h3 dxc4 14.Bxc4 Bxc4 15.Qxc4 e5 16.dxe5 Nxe5
17.Nxe5 Qxe5 18.e4 Raa8 19.Be3 Rfd8 20.Bb6 Rxd1+ 21.Rxd1 Re8 22.f3 h5 23.Qc5 Qxc5+
24.Bxc5 Bf8 25.Na4 Be7 26.Bxe7 Rxe7 27.Rd8+ Kg7 28.Nc5 Ne8 29.Nxb7 Rxb7 30.Rxe8 Rxb2
31.Ra8 Ra2 32.Rxa6 c5  1/2-1/2

[Event "Femida Cup Men"]
[Site "Kharkiv UKR"]
[Date "2011.11.25"]
[Round "6"]
[White "Yilmaz,M"]
[Black "Musakaev,E"]
[Result "0-1"]
[WhiteElo "2515"]
[BlackElo "2363"]

1.d4 d5 2.c4 c6 3.Nf3 Nf6 4.Nbd2 Bf5 5.Nh4 Be6 6.e3 g6 7.Be2 Bg7 8.O-O O-O
9.Nhf3 Bg4 10.b3 Nbd7 11.Bb2 e6 12.Rc1 Ne4 13.Nxe4 dxe4 14.Nd2 Bxe2 15.Qxe2 f5
16.Rfd1 Re8 17.Nb1 Qf6 18.Rc2 Rad8 19.Rcd2 e5 20.c5 exd4 21.Bxd4 Ne5 22.Na3 Qe7
23.Bxe5 Bxe5 24.Nc4 Rxd2 25.Qxd2 Bc7 26.Nd6 Rd8 27.b4 Qe5 28.f4 exf3 29.gxf3 b6
30.f4 Qe6 31.Qd4 Rd7 32.Rd2 Bxd6 33.cxd6 Qe4 34.Qc3 Qe6 35.Qd3 Kf7 36.Kf2 Qe4
37.Qc3 Qh1 38.h3 Qh2+ 39.Ke1 Qxh3 40.Kd1 Qf3+ 41.Kc1 Qh1+ 42.Kb2 Qe4 43.Rd4 Qg2+
44.Ka3 Qg1 45.Rd3 Qb1 46.Rd4 a5 47.bxa5 c5 48.Rd5 Ra7 49.d7 Rxa5+ 50.Qxa5 bxa5
51.d8=N+ Ke8 52.Nc6 Qc1+ 53.Kb3 a4+  0-1

[Event "21st World Seniors"]
[Site "Rijeka CRO"]
[Date "2011.11.25"]
[Round "10.11"]
[White "Chernov,Evgen"]
[Black "Shvedchikov,A"]
[Result "1/2-1/2"]
[WhiteElo "2311"]
[BlackElo "2423"]

1.Nf3 Nf6 2.c4 c6 3.d4 d5 4.Qc2 g6 5.Bf4 dxc4 6.Qxc4 Qb6 7.Qc1 Bg7 8.Nbd2 O-O
9.h3 Bf5 10.Nc4 Qd8 11.Bh6 Be4 12.Bxg7 Kxg7 13.Qd2 c5 14.dxc5 Na6 15.Qc3 Nxc5
16.Rd1 Qc7 17.Ncd2 Rac8 18.Nxe4 Nxe4 19.Qxc7 Rxc7 20.g4 h6 21.Ne5 Rc2 22.Nd3 Rfc8
23.Bg2 Nc5 24.Nxc5 R8xc5 25.Rd2 b6 26.e3 Ne8 27.Ke2 Rxd2+ 28.Kxd2 Nd6 29.Rb1 a5
30.b4 axb4 31.Rxb4 Ra5 32.a4 b5 33.axb5 Nxb5 34.Rb2 Nd6 35.Ke2 Ra1 36.Rc2 g5
37.Kf3 Kf6  1/2-1/2

[Event "Malta Open"]
[Site "Bugibba MLT"]
[Date "2011.11.26"]
[Round "8.1"]
[White "Epishin,V"]
[Black "Burmakin,V"]
[Result "1-0"]
[WhiteElo "2543"]
[BlackElo "2588"]

1.d4 d5 2.c4 c6 3.Nf3 Nf6 4.Qb3 e6 5.Bg5 h6 6.Bh4 Qa5+ 7.Nc3 Ne4 8.e3 Nd7
9.Bd3 g5 10.Bg3 Nxg3 11.hxg3 Bg7 12.O-O-O dxc4 13.Bxc4 Nb6 14.Kb1 Nd5 15.Ne4 Qc7
16.Rc1 Nf6 17.Nfd2 Nxe4 18.Nxe4 Qe7 19.f4 Kf8 20.Rhf1 g4 21.Bd3 f5 22.Nd2 Bf6
23.Rfe1 a5 24.a3 a4 25.Qc3 Kg7 26.Nc4 Qd8 27.Qc2 Bd7 28.Rcd1 Rf8 29.Ne5 Be7
30.e4 Bc8 31.exf5 exf5 32.Nc4 Bd6 33.Nxd6 Qxd6 34.Bc4 b5 35.Ba2 Bd7 36.Qc3 Kg6
37.Qc5 Rf6 38.Re7 Raf8 39.Rde1 h5 40.Kc2 h4 41.gxh4 Qxf4 42.Qe5  1-0

[Event "45th ch-RSA 2011"]
[Site "Cape Town RSA"]
[Date "2011.11.26"]
[Round "1"]
[White "Klaasen,C"]
[Black "Van den Heever,D"]
[Result "1/2-1/2"]
[WhiteElo "2093"]
[BlackElo "2287"]

1.d4 d5 2.c4 c6 3.Nf3 Nf6 4.Qb3 dxc4 5.Qxc4 Bf5 6.g3 e6 7.Bg2 Nbd7 8.Nc3 Be7
9.O-O O-O 10.Re1 Ne4 11.Bf4 Qb6 12.Nh4 Bxh4 13.Nxe4 Bxe4 14.Bxe4 Bf6 15.Red1 Rfd8
16.Bc2 Qa5  1/2-1/2

[Event "TCh-HUN 2011-12"]
[Site "Budapest HUN"]
[Date "2011.11.27"]
[Round "4"]
[White "Sedlak,N"]
[Black "Kosic,D"]
[Result "1/2-1/2"]
[WhiteElo "2589"]
[BlackElo "2495"]

1.d4 d5 2.c4 c6 3.Nf3 Nf6 4.Qb3 e6 5.Bg5 Be7 6.e3 O-O 7.Nc3 Nbd7 8.Rd1 dxc4
9.Bxc4 Nd5 10.Bxe7 Qxe7 11.O-O N5b6 12.Bd3 e5 13.Rfe1 exd4 14.exd4 Qd8 15.Bb1 Nf6
16.h3 Nbd5 17.Qc2 g6  1/2-1/2

[Event "TCh-HUN 2011-12"]
[Site "Budapest HUN"]
[Date "2011.11.27"]
[Round "4"]
[White "Emodi,B"]
[Black "Domany,Z"]
[Result "1-0"]
[WhiteElo "2359"]
[BlackElo "2215"]

1.d4 d5 2.c4 c6 3.Nf3 Nf6 4.Qc2 e6 5.g3 Nbd7 6.Bg2 Bd6 7.O-O O-O 8.Nbd2 Re8
9.b3 e5 10.dxe5 Nxe5 11.Bb2 dxc4 12.Nxc4 Nxc4 13.bxc4 Qe7 14.Rad1 Bg4 15.h3 Bh5
16.Nh4 Be5 17.Rfe1 Qc5 18.Bxe5 Rxe5 19.Qb2 Rae8 20.Nf3 R5e7 21.Rc1 Ne4 22.e3 Nxg3
23.fxg3 Rxe3 24.Qf2 Bxf3 25.Rxe3 Qxe3 26.Qxe3 Rxe3 27.Kf2 Bxg2 28.Kxe3 Bxh3
29.Rd1 g6 30.Rd8+ Kg7 31.Rb8 b5 32.cxb5 cxb5 33.Rxb5 Bf1 34.Rc5 a6 35.a4 Kf8
36.Rc1 Bg2 37.Re1 Bc6 38.a5 Ke7 39.Kd4+ Kd6 40.g4 h5 41.Rf1 hxg4 42.Rf6+ Kd7
43.Ke5 g3 44.Rxf7+ Kd8 45.Rf6 Kc7 46.Rxg6 g2 47.Rg7+ Bd7 48.Kd5 g1=Q 49.Rxg1 Bb5
50.Rg7+ Kc8 51.Kc5 Kb8 52.Kb6 Kc8 53.Ra7 Be2 54.Rc7+ Kd8 55.Rc2 Bb5 56.Kb7 Kd7
57.Rd2+ Ke6 58.Rb2 Bc4 59.Rh2 Kd7 60.Rh4 Bb5 61.Rd4+ Ke7 62.Kc7 Ke6 63.Rd6+ Ke7
64.Rb6 Bf1 65.Rb1 Bc4 66.Re1+ Kf7 67.Kb7 Bb5 68.Rb1 Bd3 69.Rb6 Ke7 70.Rxa6 Bxa6+
71.Kxa6  1-0

[Event "TCh-CZE Liga1 Vychod"]
[Site "Czech Rep CZE"]
[Date "2011.11.27"]
[Round "4"]
[White "Haba,Z"]
[Black "Kanok,J"]
[Result "1/2-1/2"]
[WhiteElo "2207"]
[BlackElo "2192"]

1.d4 d5 2.c4 c6 3.Nf3 Nf6 4.Nbd2 Nbd7 5.Qc2 e6 6.e4 dxe4 7.Nxe4 Bb4+ 8.Bd2 Qe7
9.Nxf6+ Nxf6 10.Be2 Bxd2+ 11.Qxd2 Ne4 12.Qc2 Qb4+ 13.Kf1 Nf6 14.g3 O-O 15.Kg2 c5
16.a3 Qb6 17.dxc5 Qxc5 18.b4 Qc7 19.Qb2 b6 20.Qe5 Qe7 21.Rhd1 Bb7 22.Qd6 Rfe8
23.Qxe7 Rxe7 24.Rac1 Rc7 25.Kf1 Kf8 26.Nd4 a6 27.Nb3 Nd7 28.c5 Bd5 29.cxb6 Rxc1
30.Nxc1 Nxb6 31.Nd3 a5 32.Nf4 axb4 33.axb4 Ra4 34.b5 Rb4 35.Nxd5 Nxd5 36.Rc1 Ke7
37.Bd3 g5 38.h3 h5 39.Be2 f5 40.Bxh5 Rxb5 41.Bf3 Kf6  1/2-1/2

[Event "Femida Cup Men"]
[Site "Kharkiv UKR"]
[Date "2011.11.27"]
[Round "8"]
[White "Baryshpolets,A"]
[Black "Musakaev,E"]
[Result "0-1"]
[WhiteElo "2477"]
[BlackElo "2363"]

1.d4 d5 2.c4 c6 3.Nf3 Nf6 4.Qc2 dxc4 5.Qxc4 Bf5 6.g3 e6 7.Bg2 Nbd7 8.O-O Be7
9.Nc3 Ne4 10.e3 O-O 11.Nd2 Nxd2 12.Bxd2 e5 13.e4 Bg4 14.d5 Bc5 15.h3 cxd5
16.Nxd5 Be6 17.Bc3 Rc8 18.Qb5 b6 19.Rad1 a5 20.Kh2 Qe8 21.a3 Nf6 22.Qd3 Nxd5
23.exd5 Bd7 24.Rfe1 f6 25.f4 Bd6 26.Be4 Qh5 27.f5 Rc7 28.g4 Qf7 29.Bd2 Rfc8
30.Rc1 Rxc1 31.Bxc1 b5 32.Be3 Qe8 33.Qd2 Rc4 34.Bb6 a4 35.g5 Qh5 36.gxf6 Bxf5
37.Qg2 g6 38.Bd8 Bxe4 39.Rxe4 Qd1 40.f7+ Kf8 41.Bh4 Rc2 42.Bf2 Kxf7 43.h4 Bc5  0-1

[Event "TCh-SVK Extraliga 2011-12"]
[Site "Slovakia SVK"]
[Date "2011.11.27"]
[Round "4"]
[White "Havlicek,L1"]
[Black "Garban,Mario"]
[Result "1-0"]
[WhiteElo "2172"]
[BlackElo "1994"]

1.d4 d5 2.c4 c6 3.Nf3 Nf6 4.g3 e6 5.Bg2 Bd6 6.Nc3 Nbd7 7.O-O dxc4 8.Nd2 Nb6
9.a4 a5 10.f4 Nfd5 11.Rf3 Bb4 12.Nde4 O-O 13.Bd2 Nf6 14.Nxf6+ Qxf6 15.Be3 Nd5
16.Bf2 Qe7 17.e4 Nc7 18.e5 Nd5 19.Ne4 f5 20.exf6 Nxf6 21.Re3 Rd8 22.Qc2 Rxd4
23.Re2 Rd8 24.Qxc4 b5 25.Qxc6 Bd7 26.Nxf6+ Qxf6 27.Qxa8 Rxa8 28.Bxa8 bxa4
29.Rd1 Qf7 30.Rc2 Qe8 31.Be4 a3 32.bxa3 Ba4 33.axb4 Bxc2 34.Bxc2 axb4 35.Bb3 Kf7
36.f5 Kf6 37.fxe6 Qc8 38.Bd4+ Kf5 39.e7 Qd7 40.Rf1+ Kg4 41.Rf4+ Kg5 42.Re4 Qe8
43.Bxg7 h5 44.Bf7  1-0

[Event "Vizag GM Open"]
[Site "Visakhapatnam IND"]
[Date "2011.11.28"]
[Round "7"]
[White "Sanjay,N"]
[Black "Murshed,N"]
[Result "0-1"]
[WhiteElo "2331"]
[BlackElo "2435"]

1.Nf3 Nf6 2.c4 c6 3.d4 d5 4.Qc2 dxc4 5.e4 b5 6.b3 cxb3 7.axb3 Bg4 8.Ne5 Qxd4
9.Bb2 Qb6 10.Nxg4 Nxg4 11.Qe2 Nh6 12.g4 e6 13.g5 Ng8 14.h4 Bb4+ 15.Nd2 Ne7
16.Bxg7 Rg8 17.Bb2 Na6 18.O-O-O O-O-O 19.Nf3 Rxd1+ 20.Kxd1 Rd8+ 21.Kc1 Qa5
22.h5 Qa2 23.Rh3 Ba3 24.Bxa3 Qxa3+  0-1

[Event "45th ch-RSA 2011"]
[Site "Cape Town RSA"]
[Date "2011.11.29"]
[Round "5"]
[White "Van Rensburg,R"]
[Black "Hercules,B"]
[Result "1/2-1/2"]
[WhiteElo "2103"]
[BlackElo "2056"]

1.d4 d5 2.c4 c6 3.Nf3 Nf6 4.Qb3 dxc4 5.Qxc4 Bg4 6.Nc3 Nbd7 7.e4 e6 8.Be2 Be7
9.O-O O-O 10.Be3 Bh5 11.Rfd1 Rc8 12.b4 Bg6 13.Bd3 Qc7 14.Rac1 Qb8 15.h3  1/2-1/2

[Event "Vizag GM Open"]
[Site "Visakhapatnam IND"]
[Date "2011.11.29"]
[Round "9"]
[White "Lalith,B"]
[Black "Siddharth,R"]
[Result "1-0"]
[WhiteElo "2484"]
[BlackElo "2398"]

1.Nf3 d5 2.d4 Nf6 3.c4 c6 4.Qb3 dxc4 5.Qxc4 Bf5 6.g3 e6 7.Bg2 Be7 8.O-O Nbd7
9.Nc3 O-O 10.Re1 Bg6 11.Qb3 Qb6 12.Nh4 Qxb3 13.axb3 Bc2 14.e4 Bxb3 15.Nf3 Bc4
16.Bf4 Rfd8 17.Nd2 Ba6 18.Nb3 Nf8 19.Nc5 Bxc5 20.dxc5 Ng6 21.Bd6 e5 22.f4 exf4
23.e5 Ng4 24.Bf3 Ne3 25.Rxa6 bxa6 26.Bxc6 Rac8 27.Bb7 Nxe5 28.Bxe5 Rxc5 29.Bxf4 Nf5
30.Bxa6 h6 31.Kg2 Rc6 32.Bf1 Rb6 33.Bc1 Rc8 34.Re5 Nd4 35.Rd5 Ne6 36.Be2 Kf8
37.h4 Rcb8 38.Ra5 R8b7 39.Ba6 Rc7 40.Bf1 Nd4 41.Rd5 Ne6 42.Be2 Rcb7 43.Kf2 Rc7
44.Rd1 Rc8 45.Rd5 Rc7 46.h5 Rb8 47.Bg4 Rb6 48.Rd3 Rc4 49.Bf3 Rc7 50.b4 Kg8
51.Bd2 Kh8 52.b5 Rb8 53.Be3 Rbc8 54.Bc6 Rxc6 55.bxc6 Rxc6 56.Bxa7 g6 57.hxg6 fxg6
58.Ne4 Rc7 59.Bb6 Rf7+ 60.Kg2 Kg7 61.Rd6 Re7 62.Nc3 Nf8 63.Bd4+ Kf7 64.Rf6+ Kg8
65.Bc5 Rc7 66.Bxf8 Rxc3 67.Bxh6 Kh7 68.Bf4 Rc5 69.Rf7+ Kg8 70.Rc7 Rb5 71.Kf3 Rf5
72.Ke4 Rh5 73.Be5 Kf8 74.g4 Rh1 75.Kf4 Re1 76.Bf6 Rf1+ 77.Kg5 Rg1 78.Rg7  1-0

[Event "25th Belgrade Trophy"]
[Site "Obrenovac SRB"]
[Date "2011.11.30"]
[Round "7.47"]
[White "Tisma,I"]
[Black "Prijovic,B"]
[Result "0-1"]
[WhiteElo "2141"]
[BlackElo "1966"]

1.d4 d5 2.Nf3 c6 3.c4 Nf6 4.Qc2 e6 5.g3 Be7 6.Bg2 O-O 7.O-O Nbd7 8.b3 b6
9.Nc3 Bb7 10.e4 dxe4 11.Nxe4 Nxe4 12.Qxe4 Nf6 13.Qc2 c5 14.Rd1 Qc8 15.Bb2 Rd8
16.dxc5 Qxc5 17.Bd4 Qh5 18.Qe2 h6 19.h3 Qa5 20.a3 Rac8 21.Qb2 Ba8 22.b4 Qa4
23.Rdc1 Qd7 24.Be3 Be4 25.a4 Qb7 26.Ne1 Bxg2 27.Nxg2 Qe4 28.c5 Nd5 29.cxb6 Nxe3
30.Nxe3 Bf6 31.Rxc8 Rxc8 32.Qb1 Qb7 33.Ra2 Qxb6 34.a5 Qd4 35.b5 Be5 36.Nf1 Rb8
37.Ra3 Qc5 38.Rb3 Bd4 39.Ne3 e5 40.Qd3 g6 41.Ng4 Kg7 42.Qd2 g5 43.Qe2 Qd5
44.Rb1 a6 45.b6 Qxa5 46.b7 h5 47.Nh2 Bb6 48.Qf3 Qc5 49.Nf1 Qd6 50.Qf5 Rxb7
51.Qxg5+ Qg6 52.Qxe5+ f6 53.Qa1  0-1